<?xml version="1.0" encoding="utf-8"?>
<?xml-stylesheet type='text/xsl' href='./oai2.xsl'?>
<OAI-PMH xmlns="http://www.openarchives.org/OAI/2.0/" xmlns:xsi="http://www.w3.org/2001/XMLSchema-instance" xsi:schemaLocation="http://www.openarchives.org/OAI/2.0/ http://www.openarchives.org/OAI/2.0/OAI-PMH.xsd">
  <responseDate>2026-06-05T19:06:56Z</responseDate>
  <request verb="GetRecord" metadataPrefix="marcxml" identifier="record_kuniweb_2732833">https://kulturerbe.niedersachsen.de/oai</request>
  <GetRecord>
    <record>
      <header>
        <identifier>record_kuniweb_2732833</identifier>
        <datestamp>2026-03-31T19:09:18Z</datestamp>
        <setSpec>slg0175</setSpec>
      </header>
      <metadata>
        <marc:record xmlns:marc="http://www.loc.gov/MARC21/slim" xsi:schemaLocation="http://www.loc.gov/MARC21/slim http://www.loc.gov/standards/marcxml/schema/MARC21slim.xsd">
          <marc:leader>12345npm  22     uu 4500</marc:leader>
          <marc:controlfield tag="001">2732833</marc:controlfield>
          <marc:controlfield tag="003">http://kuniweb.gbv.de</marc:controlfield>
          <marc:controlfield tag="005">2025-07-16T11:18:57</marc:controlfield>
          <marc:controlfield tag="008">s           ||||||||||||||||||||||</marc:controlfield>
          <marc:datafield tag="245" ind1="1" ind2="0">
            <marc:subfield code="a">Stahlstiche Heft 6: Parlamentarier und Varia (2)</marc:subfield>
          </marc:datafield>
          <marc:datafield tag="720" ind1=" " ind2=" ">
            <marc:subfield code="a">Bibliographisches Institut (Hildburghausen)</marc:subfield>
          </marc:datafield>
          <marc:datafield tag="655" ind1=" " ind2="7">
            <marc:subfield code="a">Grafik</marc:subfield>
          </marc:datafield>
          <marc:datafield tag="260" ind1=" " ind2=" ">
            <marc:subfield code="c">1840</marc:subfield>
            <marc:subfield code="c">1855</marc:subfield>
            <marc:subfield code="c">1840 - 1855 (Veröffentlichung in "Das große Conversations-Lexikon für die gebildeten Stände" 1840-1855)</marc:subfield>
          </marc:datafield>
          <marc:datafield tag="300" ind1=" " ind2=" ">
            <marc:subfield code="a">Höhe: 240 mm (Blattmaß (Heft))
Breite: 162 mm (Blattmaß (Heft))
Höhe: 106 mm (Darstellung (1. Seite))
Breite: 90 mm (Darstellung (1. Seite))</marc:subfield>
          </marc:datafield>
          <marc:datafield tag="520" ind1=" " ind2=" ">
            <marc:subfield code="a">Sammlung von Stahlstichen aus "Meyer's Conversations-Lexicon" ohne Deckel - erste Seite: William H. Prescott (Stahlstich von Nordheim); weitere Bestandteile: RADOWITZ, von (Stich von Metzeroth); RAUMER, von; REDEN, F. von (Statistiker, Abgeordneter zur I. Dt. Nationalversammlung); REICHENBACH, Graf; RIEGO, Raphael (General, Märtyrer der spanischen Volksfreiheit; Stich von Kühner); RÖNNE (Stich von Nordheim); ROTTECK, C. von (nach Eduard Benner, Stich von Carl Barth); SCHILLING, Dr. (Wien) (Stich von Mernetzberger); SCHLEIDEN (Prof. der Naturgeschichte in Jena); SCHLOSSER, Fr. Chr. (Historiker) (Stich von Barfus); SCHMERLING, von (Wien, Reichstagsabgeordneter, erster Präsident des Reichsministeriums) (Stich von C. Barth); SCHODER (aus Stuttgart, Reichstagsabgeordneter) (Stich von Nordheim); SCHÖNLEIN (Arzt) (Stich von N. Afinger); SCHUSELKA (Wien) (Stich von Metzeroth); SENNEFELDER, Alois (Erfinder der Lithographie) (Stich von Nordheim); SIMON, Ludwig (Abgeordneter zur I. Dt. Nationalversammlung) (Stich von Nordheim); SIMSON (Königsberg; II. Präsident der Dt. Nationalversammlung) (Stich von Kühner); TAYLOR, Zacharias (Präsident der Vereinigten Staaten v. Nordamerika); TERNAUX (Stich von G. Metzeroth); TRÜTZSCHLER, Ad. von (Gotha; Abgeordneter der dt. Nation zur verfassunggeb. Reichsversammlung) (Stich von Kühner); UHLICH; UNRUH, von (Präs. der I. preuß. Nationalversammlung) (Stich von N. Afinger); VILLÈLE; VINCKE, von (aus Westphalen) (Stich von Nordheim); VOLPATO, J.; WALDECK (Abgeordneter zur I. preuß. Nationalversammlung) (Stich von N. Afinger); WEBSTER, Daniel (Minister des Auswärtigen in Washington) (Stich von Nordheim); WILHELM IV. (König von Großbritannien u. Irland) (Stich von Fr. Stöber); ZITZ (Reichstagsabgeordneter).
Insgesamt 19 Hefte mit Stahlstichen aus dem Lexikon mit Tafelband im NHA (6.4.240-258); eigene Zusammenstellung der Einzelblätter entspricht nicht der ursprünglichen Veröffentlichung (T. Mahler 07/2025)

Aufdruck:
"Ms. C. L. No. 1362." o. li. "Drawn after Life." u. li. "W. H. Prescott" u. mittig "Engra. by Nordheim." u. re. (Druck des Herausgebers - 1. Seite aus Heft 6 im NHA)

Veröffentlicht in:
J. Meyer, „[Abbildungen 1201 - 1524]“, Das @große Conversations-Lexicon für die gebildeten Stände, Bd. Abbildungen 5. Bibliogr. Institut, Hildburghausen [u.a.], 1840. ("No. 1362" (erste Seite))</marc:subfield>
          </marc:datafield>
          <marc:datafield tag="650" ind1="1" ind2=" ">
            <marc:subfield code="a">Grafik, Fotografie &gt; Druckgrafik &gt; Tiefdruck &gt; Stahlstich</marc:subfield>
          </marc:datafield>
          <marc:datafield tag="650" ind1="1" ind2=" ">
            <marc:subfield code="a">Grafik, Fotografie &gt; Mappenwerk</marc:subfield>
          </marc:datafield>
          <marc:datafield tag="773" ind1="0" ind2=" ">
            <marc:subfield code="t">Sammlung und Nachlass Hermann Allmers</marc:subfield>
          </marc:datafield>
          <marc:datafield tag="852" ind1=" " ind2=" ">
            <marc:subfield code="a">Archiv des Landkreises Cuxhaven</marc:subfield>
          </marc:datafield>
          <marc:datafield tag="" ind1=" " ind2=" ">
            <marc:subfield code="a">Sammlung und Nachlass Hermann Allmers sind Eigentum der Hermann-Allmers-Gesellschaft e. V. und werden in zwei Teilen an zwei Standorten verwahrt:
Die (museale) Sammlung, bestehend aus Mobiliar und Hausgerät, Tafelgemälden, kleineren und größeren Antiken, Gipsabgüssen, kunsthandwerklichen Objekten aus Keramik und Glas und einer kleinen Bibliothek, befindet sich im Allmers-Haus in Rechtenfleth.
Der literarische, grafische und fotografische "Nachlass Hermann Allmers" hingegen ist im Archiv des Landkreises Cuxhaven in Otterndorf deponiert.</marc:subfield>
          </marc:datafield>
          <marc:datafield tag="" ind1=" " ind2=" ">
            <marc:subfield code="a">Namensnennung - Nicht kommerziell - Keine Bearbeitungen 4.0 International (CC BY-NC-ND 4.0)</marc:subfield>
          </marc:datafield>
        </marc:record>
      </metadata>
    </record>
  </GetRecord>
</OAI-PMH>
